• 首页
  • 本馆介绍
  • 公告通知
  • 最新文献
  • 馆藏检索
  • 电子资源
  • 读者导购
  • 参考咨询
  • 我的图书馆
  • 登录
  • 详细信息显示
  • 放入我的书架
  • 预约/预借图书
  • 作者相关作品
  • 分类相关作品
  • 丛书相关作品
  • 出版社相关作品

书目信息

  • 表格格式
  • 工作单格式
  • 卡片格式
题名:
国外科技参考工具书简介
    
 
作者: ;中国科学技术情报研究所 编
分册: 4  
出版信息: 北京   科学技术文献出版社  1978
页数: 299页
开本: 19cm
丛书名:
单 册:
中图分类: N6
科图分类:
主题词: 科学技术-工具书--简介--外国 , 工具书-科学技术--简介--外国
电子资源:
ISBN:
000 00758nam0 2200253 45
001 0178001009
005 20040524103555.9
010    @dCNY2.20
091    @a17176.360
100    @a19950725d1978 em y0chiy0121 ea
101 0  @achi
102    @aCN@b110000
105    @ay z 000yy
106    @ar
200 10 @a国外科技参考工具书简介@Aguo wai ke ji can kao gong ju shu jian jie@h4@f中国科学技术情报研究所编
210    @a北京@c科学技术文献出版社@d1978
215    @a299页@d19cm
300    @a国内发行
606    @a科学技术-工具书@x简介@y外国
606    @a工具书-科学技术@x简介@y外国
690    @aN6@v3 
711 02 @a中国科学技术情报研究所@Azhong guo ke xue ji shu qing bao yan jiu suo@4编
801  0 @aCN@bNLC@c20040524
905    @f1@b102631@dN6@e3:4
    
    国外科技参考工具书简介.4/中国科学技术情报研究所编.-北京:科学技术文献出版社,1978
    299页;19cm
    国内发行
    
    ISBN :CNY2.20
    
●
相关链接 在E读中查询图书 在五车中查询图书 在当当中查询图书 在豆瓣中查询图书


正题名:国外科技参考工具书简介     索取号:N6/3:4         预约/预借

序号 登录号 条形码 馆藏地/架位号 状态 备注
1 0102631   001229913   第三借阅区/ [索取号:N6/3:4] 在馆    
2 0102632   202088490   第二样本阅览室/ [索取号:N6/3:4] 在馆    
唐山师范学院图书馆 欢迎您!
大连网信软件有限公司© 版权所有